Iillustrated catalogue of the National Gallery / (Registro nro. 78774)

Detalles MARC
000 -LEADER
campo de control de longitud fija 00621nam a2200181 i 4500
001 - NÚMERO DE CONTROL
campo de control 78774
003 - IDENTIFICADOR DE NÚMERO DE CONTROL
campo de control ES-MaACL
005 - FECHA Y HORA DE LA ÚLTIMA TRANSACCIÓN
campo de control 20230906173817.0
007 - CAMPO FIJO DE DESCRIPCIÓN FÍSICA--INFORMACIÓN GENERAL
campo de control de longitud fija t|
008 - DATOS DE LONGITUD FIJA--INFORMACIÓN GENERAL
campo de control de longitud fija 041015s1908 xxa ||||1| eng d
110 2# - ENTRADA PRINCIPAL--NOMBRE DE ENTIDAD CORPORATIVA
Nombre de entidad corporativa o nombre de jurisdicción como elemento de entrada National Gallery of Victoria.
9 (RLIN) 153527
245 10 - MENCIÓN DEL TÍTULO
Título Iillustrated catalogue of the National Gallery /
Mención de responsabilidad, etc. [L. Bernard Hall].
260 ## - PUBLICACIÓN, DISTRIBUCIÓN, ETC.
Lugar de publicación, distribución, etc. Melbourne :
Nombre del editor, distribuidor, etc. The Trustees of The Public Library, Museus, and National Gallery of Victoria,
Fecha de publicación, distribución, etc. 1908.
300 ## - DESCRIPCIÓN FÍSICA
Extensión 189 p. :
Otras características físicas il. ;
Dimensiones 22 cm.
610 2# - PUNTO DE ACCESO ADICIONAL DE MATERIA--NOMBRE DE ENTIDAD CORPORATIVA
Nombre de entidad corporativa o nombre de jurisdicción como elemento de entrada National Gallery of Victoria.
9 (RLIN) 153527
700 0# - ENTRADA AGREGADA--NOMBRE PERSONAL
Nombre de persona Hall, L. Bernard.
9 (RLIN) 61571
852 ## - LOCALIZACIÓN
Ubicación ES-MaACL
Número de control de estantería T-1203-F-3
Existencias
Estatus retirado Estado de pérdida Estado de daño No para préstamo Colección Biblioteca de origen Biblioteca actual Ubicación en estantería Fecha de adquisición Fuente de adquisición Total de préstamos Signatura topográfica completa Código de barras Visto por última vez Precio de reemplazo Tipo de ítem Koha
        Colección de folletos Biblioteca del Ateneo de Madrid Biblioteca del Ateneo de Madrid Depósito folletos 17/01/2008     T-1203-F-3 1082387 23/02/2023 23/02/2023 Folleto